Normal view MARC view
  • Ibrahim Bashir, Athar Mushtaq

Entry Personal Name

Number of records used in: 1

001 - CONTROL NUMBER

  • control field: 93283

003 - CONTROL NUMBER IDENTIFIER

  • control field: NUST

005 - DATE AND TIME OF LATEST TRANSACTION

  • control field: 20220706141858.0

008 - FIXED-LENGTH DATA ELEMENTS

  • fixed length control field: 220706|| aca||aabn | a|a d

040 ## - CATALOGING SOURCE

  • Original cataloging agency: NUST
  • Transcribing agency: NUST

100 ## - HEADING--PERSONAL NAME

  • Personal name: Ibrahim Bashir, Athar Mushtaq

670 ## - SOURCE DATA FOUND

  • Source citation: Work cat.: (NUST)11285: Syed Muhammad Maesam Hussain 93282, Implementation of swarm intelligence algirithms on multiple robots using JADE, 2012
© 2023 Central Library, National University of Sciences and Technology. All Rights Reserved.